000 00676nam a2200169 a 4500
001 000048705
005 20201002061338.0
008 190410s2016 dr a 000 0 spa d
040 _aDO-SdBNP
_bspa
_cBNPHU
110 1 _aSuperintendencia de Electricidad
_bRepública Dominicana
_976152
245 1 0 _aReglamento autorización puesta en servicio de obras eléctricas en el SENI :
_bresolución SIE-061-2015-MEM.
260 _aSanto Domingo :
_bSuperintendencia de Electricidad,
_c2016.
300 _a75 [10] p. :
_bils. ;
_c28 cm.
490 1 _aMercado eléctronico mayorista (MEM)
_v4
590 _aInventariado, 2019/VM
830 0 _aMercado eléctronico mayorista (MEM)
_n4
_976162
999 _c48193
_d48193